German cities - Sudden Death - Statistics

General Stats
  • This quiz has been taken 88 times
  • The average score is 10 of 15
Answers on the Grid
Answers color-coded by a green-red scale on the quiz's grid according to % correct below.
Salzburg
Munich
Nuremberg
Hanover
Osnabrück
Kiel
Gothenburg
Basel
Novi Sad
Groningen
Wiesbaden
Zwolle
Wuppertal
Diekirch
Metz
Bolzano
Bayreuth
Celle
Wismar
Nassau
Passau
Bremen
Belfast
Montreal
Cali
Essen
Dortmund
Lille
Hull
Dresden
 
Answer Stats
Answer % Correct
Munich
89%
Nuremberg
87%
Bremen
80%
Dresden
76%
Hanover
75%
Essen
73%
Dortmund
71%
Wiesbaden
71%
Kiel
67%
Wuppertal
64%
Osnabrück
58%
Bayreuth
56%
Wismar
49%
Passau
45%
Celle
33%
No matching quizzes found
Score Distribution
Percent of People with Each Score
Percentile by Number Answered
Your Score History
You have not taken this quiz